000 00808nam a2200205 a 4500
008 190606s2011 ||||||||||||||||| || u
020 _a9780857292209
020 _a085729220X (alk. paper)
020 _a9780857292216 (e-ISBN)
050 _aTP 245.H9 Bro
100 _aBroom, Darren P
245 1 0 _aHydrogen storage materials: the characterisation of their storage properties
_cby Darren P. Broom
260 _aLondon
_bSpringer
_c2011
300 _axii, 258 pages
350 _a179.84
490 _aGreen energy and technology
500 _aIncludes bibliographical references and index.
650 0 _aHYDROGEN--STORAGE--MATERIALS
995 _FCBU-MAIN LIBRARY (Kitwe)
_I179.84
_M1
_UAVAILABLE
_WJun 6, 2019
_ZMain Library Open Access Collection
999 _c46059
_d46059